Asyl : warum das Boot nicht voll ist /
Saved in:
| Main Author: | |
|---|---|
| Format: | Book |
| Language: | German |
| Published: |
Düsseldorf :
Patmos,
1993.
|
| Edition: | 1. Aufl. |
| Series: | Wendepunkte.
|
| Subjects: | |
| Tags: |
Add Tag
No Tags, Be the first to tag this record!
|
| LEADER | 00829aam a2200289 a 4500 | ||
|---|---|---|---|
| 001 | 003228159-5 | ||
| 005 | 20020606093309.7 | ||
| 008 | 931223s1993 gw 000 0 ger | ||
| 010 | |a 93246833 | ||
| 020 | |a 3491722756 | ||
| 035 | 0 | |a ocm29885383 | |
| 040 | |a DLC |c DLC | ||
| 043 | |a e-gx--- | ||
| 050 | 0 | 0 | |a HV640.4.G3 |b N478 1993 |
| 100 | 1 | |a Neudeck, Rupert, |d 1939- | |
| 245 | 1 | 0 | |a Asyl : |b warum das Boot nicht voll ist / |c Rupert Neudeck. |
| 250 | |a 1. Aufl. | ||
| 260 | |a Düsseldorf : |b Patmos, |c 1993. | ||
| 300 | |a 143 p. ; |c 20 cm. | ||
| 490 | 1 | |a Wendepunkte | |
| 650 | 0 | |a Refugees |z Germany |x Social conditions. | |
| 650 | 0 | |a Refugees |x Government policy |z Germany. | |
| 650 | 0 | |a Immigrants |z Germany |x Social conditions. | |
| 650 | 0 | |a Asylum, Right of |z Germany. | |
| 830 | 0 | |a Wendepunkte. | |
| 988 | |a 20020608 | ||
| 906 | |0 DLC | ||


